000 00716nam a2200217 i 4500
001 24397
003 ES-MaACL
005 20241210140212.0
007 t|
008 021217s1967 sp ||||1| spa d
080 _a839.7-34"19"(082.2)
245 0 0 _aAntología de cuentistas suecos /
_cselección y traducción de Jaime Peralta y Joel Rangel Gallardo ; prólogo de José María Pemán.
260 _aMadrid :
_bEscelicer,
_c[1967]
300 _a269 p. ;
_c19 cm.
650 4 _aCuentos suecos.
_9173934
700 1 _aPeralta, Jaime.
_990372
700 1 _aRangel Gallardo, Joel.
_995419
700 1 _aPemán, José María,
_d1897-1981
_990130
852 4 _aES-MaACL
_jC-34160
999 _c24397
_d24397